Tito, die Geschichte einer Präriewölfin. (Record no. 4892)

MARC details
000 -LEADER
fixed length control field 00733cam a22002291 4500
001 - CONTROL NUMBER
control field af 48002151
003 - CONTROL NUMBER IDENTIFIER
control field DLC
005 - DATE AND TIME OF LATEST TRANSACTION
control field 20260227110853.0
008 - FIXED-LENGTH DATA ELEMENTS--GENERAL INFORMATION
fixed length control field 940714s1947 gw 000 1 ger c
010 ## - LIBRARY OF CONGRESS CONTROL NUMBER
LC control number af 48002151
035 ## - SYSTEM CONTROL NUMBER
System control number (OCoLC)30760668
040 ## - CATALOGING SOURCE
Original cataloging agency Brown Univ. Library
Transcribing agency RPB
Modifying agency RPB
-- DLC
-- WaU
050 00 - LIBRARY OF CONGRESS CALL NUMBER
Classification number QL795.C6
Item number S414
100 1# - MAIN ENTRY--PERSONAL NAME
Personal name Seton, Ernest Thompson,
Dates associated with a name 1860-1946.
245 10 - TITLE STATEMENT
Title Tito, die Geschichte einer Präriewölfin.
260 ## - PUBLICATION, DISTRIBUTION, ETC.
Place of publication, distribution, etc. [Stuttgart,
Name of publisher, distributor, etc. Kultministerium,
Date of publication, distribution, etc. 1947]
300 ## - PHYSICAL DESCRIPTION
Extent 32 p.
Dimensions 21 cm.
500 ## - GENERAL NOTE
General note From the author's Lives of the hunted.
500 ## - GENERAL NOTE
General note Illustrated cover t.-p.
500 ## - GENERAL NOTE
General note "Genehmigt für den Gebrauch in Schulen durch Education and Religion."
650 #0 - SUBJECT ADDED ENTRY--TOPICAL TERM
Topical term or geographic name entry element Coyote
Form subdivision Fiction.

No items available.

Powered by Koha